| 000 | 00641nam a22001937a 4500 | ||
|---|---|---|---|
| 999 |
_c191759 _d191759 |
||
| 005 | 20220902104334.0 | ||
| 010 | _aENG-134880 | ||
| 020 |
_a9789391211295 _c3295.00 |
||
| 035 | _aEN-118412 | ||
| 037 | _bDBAD/PUB | ||
| 082 | _a340.6 | ||
| 100 | _aModi, Jaising P | ||
| 245 |
_aA Textbook of Medical Jurisprudence and Toxicology/ _bJaising P Modi and Edited by K Kannan |
||
| 260 |
_aHaryana _bLexisNexis _c2021 |
||
| 270 |
_bGurugaon _a14th Floor, Building No. 10, Tower-B, DLF Cyber City, Phase-II _e122202 _mhelp.in@lexisnexis.com |
||
| 300 |
_avp. _c24cm(hb) |
||
| 700 | _aKannan, K | ||
| 942 |
_2ddc _cEN _h340.6 _mMOD |
||